000 00836cam a2200241 a 4500
001 1107031
005 20180227091941.0
008 930625s1994 nyua b 001 0 eng
010 _a 93024465
020 _a0471595381 :
_c$27.95
040 _aDLC
_cDLC
_dDLC
041 _aeng
043 _an-us---
080 _a658.4013 GEO
082 0 0 _a658.4013 GEO
_221
100 1 _a54
101 _aMEN
245 1 0 _aTotal quality management :
_cStephen George, Arnold Weimerskirch.
504 _aIncludes bibliographical references (p. 271-276) and index.
906 _a7
_bcbc
_corignew
_d1
_eocip
_f19
_gy-gencatlg
942 _2ddc
_cBK
999 _c43643
_d43643